Job market in the era of illiberalism, trade wars, artificial intelligence and big data: A study (Record no. 528695)

000 -LEADER
fixed length control field 01670nam a22001457a 4500
008 - FIXED-LENGTH DATA ELEMENTS--GENERAL INFORMATION
fixed length control field 250103b ||||| |||| 00| 0 eng d
100 ## - MAIN ENTRY--PERSONAL NAME
Personal name Bhat, Naseer Ahmad
245 ## - TITLE STATEMENT
Title Job market in the era of illiberalism, trade wars, artificial intelligence and big data: A study
260 ## - PUBLICATION, DISTRIBUTION, ETC. (IMPRINT)
Place of publication, distribution, etc Indian Journal of Public Administration
300 ## - PHYSICAL DESCRIPTION
Extent 70(4), Dec, 2024: p.817-828
520 ## - SUMMARY, ETC.
Summary, etc This article aims to scrutinise the job markets and the impacts on jobs due to quite new themes which the world has witnessed, such as rise of illiberal democracies, trade wars between nations, artificial intelligence and big data. It is quite interesting to see the impact of ideologies of states on the jobs they create. Artificial intelligence is going to be a huge disruptor and so is managing of big data by companies. Based on the secondary data already available and the literature review, this article argues that job markets get impacted by the ideology of states, which in turn leads to trade wars. In a similar breath, data show that artificial intelligence and big data are going to create new ‘haves’ and ‘have-nots’ in the world. The answer to this problem lies in regulating the artificial intelligence climate and bringing in new rules for the game where big players operate, which amass humongous data. Rules should be framed in a way so that digitally deprived people do not lose their jobs.-Reproduced


https://journals.sagepub.com/doi/full/10.1177/00195561241277239
650 ## - SUBJECT ADDED ENTRY--TOPICAL TERM
Topical term or geographic name as entry element Job market, illiberalism, Artificial intelligence, World wars, Big data, Trade wars.
9 (RLIN) 49683
773 ## - HOST ITEM ENTRY
Main entry heading Indian Journal of Public Administration
942 ## - ADDED ENTRY ELEMENTS (KOHA)
Item type Articles
Holdings
Withdrawn status Lost status Source of classification or shelving scheme Damaged status Not for loan Permanent location Current location Date acquired Serial Enumeration / chronology Barcode Date last seen Koha item type
          Indian Institute of Public Administration Indian Institute of Public Administration 2025-01-03 70(4), Dec, 2024: p.817-828 AR134090 2025-01-03 Articles

Powered by Koha